<?xml version="1.0" encoding="UTF-8"?>
<record
    xmlns:xsi="http://www.w3.org/2001/XMLSchema-instance"
    xsi:schemaLocation="http://www.loc.gov/MARC21/slim http://www.loc.gov/standards/marcxml/schema/MARC21slim.xsd"
    xmlns="http://www.loc.gov/MARC21/slim">

  <leader>01295nkc a2200265za 4500</leader>
  <controlfield tag="001">84158</controlfield>
  <controlfield tag="003">OSt</controlfield>
  <controlfield tag="005">20260303115659.0</controlfield>
  <controlfield tag="007">kh bo </controlfield>
  <controlfield tag="008">250314s1906    sp ||||| |||| 00| i|spa d</controlfield>
  <datafield tag="040" ind1=" " ind2=" ">
    <subfield code="c">M-RABA</subfield>
    <subfield code="a">M-RABA</subfield>
    <subfield code="b">spa</subfield>
  </datafield>
  <datafield tag="245" ind1="0" ind2="1">
    <subfield code="a">[Monasterio de Santa Mar&#xED;a de Zamarce</subfield>
    <subfield code="b">: Portada]</subfield>
    <subfield code="h">[Material gr&#xE1;fico]</subfield>
  </datafield>
  <datafield tag="260" ind1=" " ind2=" ">
    <subfield code="c">ca. 1906</subfield>
  </datafield>
  <datafield tag="300" ind1=" " ind2=" ">
    <subfield code="a">1 Fotograf&#xED;a :</subfield>
    <subfield code="b">Gelatina de plata ;</subfield>
    <subfield code="c">22,5 x 15,5 cm</subfield>
  </datafield>
  <datafield tag="500" ind1=" " ind2=" ">
    <subfield code="a">Imagen de la portada del Monasterio de Santa Mar&#xED;a de Zamarce (Navarra)</subfield>
  </datafield>
  <datafield tag="500" ind1=" " ind2=" ">
    <subfield code="a">Al verso, ms. a tinta: &#x201C;2&#xBA; P&#xF3;rtico Zamarce&#x201D;.</subfield>
  </datafield>
  <datafield tag="500" ind1=" " ind2=" ">
    <subfield code="a">Estaban incluidas en un sobre con membrete del Bolet&#xED;n de la Sociedad Espa&#xF1;ola de Excursiones, con anotaciones mss. a l&#xE1;piz: &#x201C;Rom&#xE1;nico &#x2013; Portadas&#x201D;.</subfield>
  </datafield>
  <datafield tag="504" ind1=" " ind2=" ">
    <subfield code="a">Identificada en: B.S.E.E, 1906, tomo XIV, 1&#xAA; l&#xE1;m. del art&#xED;culo de E. Serrano Fatigati: &#x201C;Portadas del periodo rom&#xE1;nico y del de transici&#xF3;n al ojival&#x201D;, pp. 6-17.</subfield>
  </datafield>
  <datafield tag="610" ind1="2" ind2="0">
    <subfield code="a">Monasterio de Santa Mar&#xED;a de Zamarce</subfield>
    <subfield code="9">111582</subfield>
  </datafield>
  <datafield tag="651" ind1=" " ind2="7">
    <subfield code="a">Navarra</subfield>
    <subfield code="z">Uharte Arakil</subfield>
  </datafield>
  <datafield tag="655" ind1=" " ind2="0">
    <subfield code="a">Fotograf&#xED;as de monumentos</subfield>
    <subfield code="9">111580</subfield>
  </datafield>
  <datafield tag="852" ind1=" " ind2=" ">
    <subfield code="j">Fot-26</subfield>
  </datafield>
  <datafield tag="856" ind1=" " ind2=" ">
    <subfield code="3">Fot-26</subfield>
    <subfield code="u">https://archivoybiblioteca.realacademiabellasartessanfernando.com/cgi-bin/koha/opac-retrieve-file.pl?id=c722e6a070aab4bbf478fbaf47393274</subfield>
  </datafield>
  <datafield tag="942" ind1=" " ind2=" ">
    <subfield code="2">ddc</subfield>
    <subfield code="c">FOTOGRAF&#xCD;A</subfield>
    <subfield code="n">0</subfield>
  </datafield>
  <datafield tag="952" ind1=" " ind2=" ">
    <subfield code="0">0</subfield>
    <subfield code="1">0</subfield>
    <subfield code="2">ddc</subfield>
    <subfield code="4">0</subfield>
    <subfield code="7">0</subfield>
    <subfield code="8">FOTOGRAFIA</subfield>
    <subfield code="a">RABASF</subfield>
    <subfield code="b">RABASF</subfield>
    <subfield code="c">DP2</subfield>
    <subfield code="d">2025-03-14</subfield>
    <subfield code="l">0</subfield>
    <subfield code="o">Fot-26</subfield>
    <subfield code="p">1095009</subfield>
    <subfield code="r">2025-03-14 10:24:08</subfield>
    <subfield code="w">2025-03-14</subfield>
    <subfield code="y">FOTOGRAF&#xCD;A</subfield>
  </datafield>
  <datafield tag="999" ind1=" " ind2=" ">
    <subfield code="c">84158</subfield>
    <subfield code="d">84158</subfield>
  </datafield>
</record>
